|
|
|
|
| LEADER |
01443pam a22003858a 4500 |
| 001 |
00033159 |
| 005 |
20171026081025.0 |
| 008 |
150423s2014 ||||||Viesd |
| 020 |
# |
# |
|c 66000
|a 9786045711873
|
| 041 |
0 |
# |
|a Vie
|
| 082 |
1 |
# |
|a 355.009 597
|b L302S
|
| 100 |
0 |
# |
|a Lê, Đình Sỹ
|e Chủ biên
|
| 245 |
1 |
0 |
|a Lịch sử tư tưởng quân sự Việt Nam
|c Lê Đình Sỹ (ch.b); Trịnh Vương Hồng, Lê Văn Thái
|n Tập 5
|p Tổng luận
|
| 260 |
# |
# |
|a Hà Nội
|b Chính trị quốc gia
|c 2014
|
| 300 |
# |
# |
|a 419 tr.
|c 21 cm.
|
| 500 |
# |
# |
|a ĐTTS ghi: Bộ Quốc phòng. Viện Lịch sử quân sự Việt Nam
|
| 504 |
# |
# |
|a Thư mục: tr. 406-416
|
| 653 |
# |
# |
|a Lịch sử tư tưởng
|
| 653 |
# |
# |
|a Việt Nam
|
| 653 |
# |
# |
|a Quân sự
|
| 700 |
1 |
# |
|a Lê, Văn Thái
|e tác giả
|
| 700 |
1 |
# |
|a Lê, Đình Sỹ
|e chủ biên
|
| 700 |
1 |
# |
|a Trịnh, Vương Hồng
|e tác giả
|
| 710 |
2 |
# |
|a Bộ Quốc phòng. Viện Lịch sử quân sự Việt Nam
|
| 852 |
# |
# |
|b Kho mượn
|j KM.0018128, KM.0018129, KM.0019806
|
| 852 |
# |
# |
|j KD.0016589
|j KM.0019806
|j KM.0018129
|j KM.0018128
|
| 852 |
# |
# |
|b Kho đọc
|j KD.0016589
|
| 910 |
0 |
# |
|a kchi
|d 23/4/2015
|
| 980 |
# |
# |
|a Trung tâm Học liệu Lê Vũ Hùng, Trường Đại học Đồng Tháp
|